<?xml version="1.0" encoding="UTF-8"?>
<marc:record xmlns:marc="http://www.loc.gov/MARC21/slim">
   <marc:leader>00000nam a2200000 a 4500</marc:leader>
   <marc:datafield ind1="1" ind2=" " tag="100">
      <marc:subfield code="a">Zittlau, Jörg</marc:subfield>
      <marc:subfield code="4">aut</marc:subfield>
      <marc:subfield code="e">Verfasser/-in</marc:subfield>
   </marc:datafield>
   <marc:datafield ind1=" " ind2=" " tag="653">
      <marc:subfield code="a">Ratgeber</marc:subfield>
   </marc:datafield>
   <marc:datafield ind1=" " ind2=" " tag="653">
      <marc:subfield code="a">Blume</marc:subfield>
   </marc:datafield>
   <marc:datafield ind1="0" ind2="0" tag="245">
      <marc:subfield code="a">Natürlich heilen mit der Ringelblume</marc:subfield>
   </marc:datafield>
   <marc:datafield ind1="0" ind2="0" tag="245">
      <marc:subfield code="b">Mit den Wirkstoffen der Calendula zu natürlicher Schönheit und Gesundheit. Sanfte Hilfe bei Hautproblemen und Magen-Darm-Störungen.</marc:subfield>
   </marc:datafield>
   <marc:datafield ind1=" " ind2="1" tag="264">
      <marc:subfield code="b">Ludwig</marc:subfield>
   </marc:datafield>
   <marc:datafield ind1="1" ind2=" " tag="520">
      <marc:subfield code="a">Die Ringelblume ist ein Traditionsmittel der Naturheilkunde. Das wirksame Heilkraut ist eine sanfte Alternative zu synthetischen Medikamenten. Seine Inhaltsstoffe unterstützen die Behandlung vieler innerer Krankheiten. Wie man mit den natürlichen Kräften der Ringelblume Gesundheit und Schönheit fördern kann, zeigt dieser Ratgeber.</marc:subfield>
   </marc:datafield>
   <marc:datafield ind1="3" ind2=" " tag="024">
      <marc:subfield code="a">3778736906</marc:subfield>
   </marc:datafield>
</marc:record>
